Enfermería medicoquirúrgica valoración y cuidados de problemas clínicos (Registro nro. 53074)

Detalles MARC
000 -ENCABEZADO
Número de control [NR] 00880nam a2200253Ia 4500
005 - FECHA Y HORA DE LA ÚLTIMA TRANSACCIÓN
control field 20140903173637.0
008 - DE LONGITUD FIJA DE DATOS DE ELEMENTOS - INFORMACIÓN GENERAL
Elementos de longitud fija [NR] 130821s2004 sp a gr spa
020 ## - NUMERO INTERNACIONAL NORMALIZADO PARA LIBROS [R]
Número Internacional Normalizado del libro [NR] 8481747238
040 ## - FUENTE DE CATALOGACION [NR]
Agencia de catalogación original [NR] Co-BoUCM
Idioma de catalogación [NR] spa
041 00 - CODIGO DE IDIOMA [R]
Código de idioma para texto/pista de sonido o título separado [R] Español
060 ## - SIGNATURA TOPOGRAFICA DE LA BIBLIOTECA NACIONAL DE MEDICINA (NLM) [R]
Número clasificador [R] WY 161
100 1# - ASIENTO PRINCIPAL--NOMBRE PERSONAL [NR]
Nombre personal [NR] Mantik Lewis, Sharon
245 10 - MENCION DE TITULO [NR]
Título [NR] Enfermería medicoquirúrgica valoración y cuidados de problemas clínicos
Mención de responsabilidad, etc. [NR] Sharon Mantik Lewis, Margaret Mclean Heitkemper, Shannon Ruff Dirksen
250 ## - MENCION DE EDICION [NR]
Mención de edición [NR] 6a. Ed.
260 ## - PUBLICACION, DISTRIBUCION, ETC. (PIE DE IMPRENTA) [R]
Lugar de publicación, distribución, etc. [R] Barcelona (España)
Nombre del editor, distribuidor, etc. [R] Madrid
Fecha de publicación, distribución, etc. [R] 2004
300 ## - DESCRIPCION FISICA [R]
Extensión [R] 2 volúmenes
Otros detalles físicos [NR] ilustraciones
650 04 - ASIENTO SECUNDARIO DE MATERIA - TERMINO TEMATICO [R]
Término temático o nombre geográfico como elemento de entrada [NR] Cirugía
Subdivisión general [R] Cuidado del paciente
9 (RLIN) 7407
650 04 - ASIENTO SECUNDARIO DE MATERIA - TERMINO TEMATICO [R]
Término temático o nombre geográfico como elemento de entrada [NR] Cuidados postoperatorios
9 (RLIN) 12365
650 04 - ASIENTO SECUNDARIO DE MATERIA - TERMINO TEMATICO [R]
Término temático o nombre geográfico como elemento de entrada [NR] Enfermería quirúrgica
9 (RLIN) 14510
650 04 - ASIENTO SECUNDARIO DE MATERIA - TERMINO TEMATICO [R]
Término temático o nombre geográfico como elemento de entrada [NR] Enfermería
9 (RLIN) 14489
700 1# - ASIENTO SECUNDARIO - NOMBRE PERSONAL [R]
Nombre personal [NR] Mclean Heitkemper
Término de relación [R]
700 1# - ASIENTO SECUNDARIO - NOMBRE PERSONAL [R]
Nombre personal [NR] Ruff Dirksen, Shannon
Término de relación [R]
942 ## - ELEMENTOS DE ENTRADA AGREGADOS (KOHA)
Tipo de ítem principal el descrito en 300a Libro
Tema principal Medicina
Edición 6
Parte restante de la signatura top. M292e
Sistema de clasificación NLM
Clasificación WY 161
Existencias
Fecha de último préstamo Signatura topográfica Código de barras Última vez visto Volúmen / Fascículo Ejemplar Price effective from Tipo de ítem Perdido Sistema de clasificación Dañado No prestable Tipo de ítem específico Suprimido Ubicación habitual Ubicación actual Localización Fecha de creación Forma de adquisición Costo Total préstamos
16/08/2007 WY 161 M292e 200015092 01/12/2025 6a. Ed. V.2 Ej.2 03/02/2013 Libro   NLM     Libro   Hospital Universitario Mayor Hospital Universitario Mayor 9no piso 28/02/2013 Compra 172000.00  
10/02/2026 WY 161 M292e 200015093 18/02/2026 6a. Ed. V.1 Ej.2 03/02/2013 Libro   NLM     Libro   Hospital Universitario Mayor Hospital Universitario Mayor 9no piso 28/02/2013 Compra 172000.00 2
16/08/2007 WY 161 M292e 200015095 12/12/2025 6a. Ed. V.1 Ej.1 03/02/2013 Libro   NLM     Libro   Quinta de Mutis Quinta de Mutis 3er piso 28/02/2013 Compra 172000.00  
10/11/2021 WY 161 M292e 200015094 12/12/2025 6a. Ed. V.2 Ej.1 03/02/2013 Libro   NLM     Libro   Quinta de Mutis Quinta de Mutis 3er piso 28/02/2013 Compra 172000.00 1